Working together: a guide for planners and housing providers (Record no. 68533)

MARC details
000 -LEADER
fixed length control field 01328cam a2200265 4500
001 - CONTROL NUMBER
control field ABS64545
008 - FIXED-LENGTH DATA ELEMENTS--GENERAL INFORMATION
fixed length control field 011009n2001 000 0 eng u
035 ## - SYSTEM CONTROL NUMBER
System control number (Sirsi) u115056
100 ## - MAIN ENTRY--PERSONAL NAME
Personal name Carmona, M.
245 ## - TITLE STATEMENT
Title Working together: a guide for planners and housing providers
260 ## - PUBLICATION, DISTRIBUTION, ETC.
Date of publication, distribution, etc. 2001
490 ## - SERIES STATEMENT
Series statement Planning (for the Natural and Built Environment)
Volume/sequential designation 5 October 2001, 24(1)
520 ## - SUMMARY, ETC.
Summary, etc. "Working Together" is a new report which looks at the motivations of, and relationship between, private housebuilders, RSLs and planners. The guide was commissioned by the RTPI, Housing Corporation, HBF, NHF and DTLR. Through the assembly of good practice examples the report demonstrates how the tensions inherent in housebuilding can be overcome. Outlines the five routes to better working relationships that are presented in the report. "Working Together: a guide for planners and housing providers", by Matthew Caromona, Sarah Carmona and Nick Gallent, can be obtained from Thomas Telford Publishing. Tel: 020 7665 2464.
590 ## - LOCAL NOTE (RLIN)
Local note ABS
650 ## - SUBJECT ADDED ENTRY--TOPICAL TERM
Topical term or geographic name entry element PLANNING
650 ## - SUBJECT ADDED ENTRY--TOPICAL TERM
Topical term or geographic name entry element HOUSE BUILDING
650 ## - SUBJECT ADDED ENTRY--TOPICAL TERM
Topical term or geographic name entry element PRIVATE HOUSEBUILDERS
650 ## - SUBJECT ADDED ENTRY--TOPICAL TERM
Topical term or geographic name entry element RSLS
650 ## - SUBJECT ADDED ENTRY--TOPICAL TERM
Topical term or geographic name entry element RELATIONSHIPS
650 ## - SUBJECT ADDED ENTRY--TOPICAL TERM
Topical term or geographic name entry element IMPROVEMENTS
650 ## - SUBJECT ADDED ENTRY--TOPICAL TERM
Topical term or geographic name entry element WORKING PRACTICES
650 ## - SUBJECT ADDED ENTRY--TOPICAL TERM
Topical term or geographic name entry element REPORT
690 ## - LOCAL SUBJECT ADDED ENTRY--TOPICAL TERM (OCLC, RLIN)
Topical term or geographic name as entry element HOUSING-DEVELOPMENT
942 ## - ADDED ENTRY ELEMENTS (KOHA)
Suppress in OPAC 0
Holdings
Withdrawn status Lost status Source of classification or shelving scheme Damaged status Not for loan Home library Current library Shelving location Date acquired Total Checkouts Full call number Barcode Date last seen Copy number Price effective from Koha item type
    Dewey Decimal Classification     London London Journal article 09/10/2001   ABS64545 115056-1001 06/08/2019 1 06/08/2019 Journal article